Sirr al-ṣabāḥ /

Saved in:
நூற்பட்டியல் விவரங்கள்
தலைமை எழுத்தாளர்: Abnāw, Aḥmad ibn al-Ḥasan.
வடிவம்: புத்தகம்
மொழி:Arabic
வெளியீடப்பட்டது: al-Dār al-Bayḍāʾ : Muʾassasat Līnū al-Nakhlah, 1993.
பதிப்பு:al-Ṭabʻah 1.
பகுதிகள்:
குறியீடுகள்: குறிச்சொல் இணை
குறியீடுகள் இல்லை, இந்த குறிச்சொல்லை முதலில் பதிவு செய்யுங்கள்!
LEADER 00874nam a2200265 a 4500
001 003746830-8
005 20020606095253.2
008 940126s1993 mr ach b 000 0aara d
035 0 |a ocm30962887 
035 1 |a MAHN94B236 
040 |a MH  |c MH 
043 |a f-mr--- 
100 1 |a Abnāw, Aḥmad ibn al-Ḥasan. 
245 1 0 |a Sirr al-ṣabāḥ /  |c Aḥmad ibn al-Ḥasan Abnāw. 
250 |a al-Ṭabʻah 1. 
260 |a al-Dār al-Bayḍāʾ :  |b Muʾassasat Līnū al-Nakhlah,  |c 1993. 
300 |a 360 p. :  |b ill., port., facsims. ;  |c 24 cm. 
500 |a Errata sheet inserted. 
504 |a Includes bibliographical references. 
600 1 0 |a Abnāw, Aḥmad ibn al-Ḥasan. 
650 0 |a Education  |z Morocco  |z Sus. 
651 0 |a Sūs (Morocco : Province)  |x Intellectual life. 
651 0 |a Sūs (Morocco : Province)  |x Description and travel. 
988 |a 20020608 
906 |0 MH